[Event "12th Chennai Open 2020"]
[Site "Chennai"]
[Date "2020.01.19"]
[Round "2.18"]
[White "Vignesh N R"]
[Black "Vignesh N R"]
[Result "0-1"]
[WhiteElo "2472"]
[BlackElo "2472"]
[Annotator "TA"]
[PlyCount "54"]
[EventDate "2020.01.19"]
[EventType "swiss"]
[EventCountry "IND"]
[SourceTitle "playchess.com"]
[Source "ChessBase"]
[SourceQuality "1"]

{[%evp 17,86,10,10,-2,0,-28,-22,-39,-33,-29,0,0,37,0,0,9,0,-11,-14,-22,-12,-32,0,-12,-19,-25,0,0,46,0,0,0,0,0,0,0,-39,-745,-760,-755,-713,-751,-750,-741,-739,-944,-945,-847,-758,-5312,-5250,-4794,-5123,-4806,-1446,-1054,-795,-5950,-5950,-5639,-5156,-4810,-4806,-29976,-29978,-29986,-29985,-29996,-29997,-29998,-29999]} 1. e4 c5 2. Nf3 d6 3. d4 cxd4 4. Nxd4 Nf6 5. Nc3 a6 6. g3 e6 7. Bg2 Be7 8. O-O Qc7 9. h3 O-O 10. g4 {B80: Sicilian Scheveningen: 6 g3 and 6 Be3, including English Attack} (10. a4 Nc6 11. Nde2 b6 12. g4 Bb7 13. Ng3 Rfe8 14. g5 Nd7 15. f4 Bf8 16. Kh2 Rad8 17. Be3 Nb4 18. Rf2 d5 19. e5 {1-0 (49) Becerra Rivero,J (2569)-Movsesian,S (2639) Dos Hermanas 2004}) 10... Nc6 11. Kh1 Nd7 12. f4 {The position is equal.} Nxd4 13. Qxd4 b6 $146 ({Predecessor:} 13... Bf6 14. Qe3 Nb6 15. g5 Bxc3 16. bxc3 Bd7 17. Rb1 Bb5 {1-0 (38) Potapov,P (2263)-Dudukovic,N Urgup 2004}) 14. g5 Re8 15. f5 Bb7 16. f6 Bf8 17. Be3 Rac8 18. Rad1 g6 19. h4 Qc4 20. Qd2 b5 {[%cal Bb6b5,Bb5b4,Bb4c3,Bc3b2][%mdl 32] White should prevent ...b4.} 21. Qf2 Qc6 22. h5 Ne5 23. Bd4 {Hoping for Bxe5.} gxh5 {And now ...b4 would win.} 24. Bxe5 dxe5 25. Rd3 {aiming for Rh3.} b4 26. Qh4 bxc3 27. Qxh5 $2 {[%mdl 8192] [#]} (27. b3 $15) 27... Red8 {Played: Qc6xe4} 0-1

[Event "12th Chennai Open 2020"]
[Site "Chennai"]
[Date "2020.01.19"]
[Round "2.18"]
[White "Vignesh N"]
[Black "Vignesh N R"]
[Result "0-1"]
[WhiteElo "1934"]
[BlackElo "2472"]
[Annotator "ChessBase"]
[PlyCount "86"]
[EventDate "2020.01.19"]
[EventType "swiss"]
[EventCountry "IND"]
[SourceTitle "playchess.com"]
[Source "ChessBase"]
[SourceQuality "1"]
[TimeControl "5400+30"]

1. e4 {[%emt 0:00:00]} c5 {[%emt 0:00:53]} 2. Nf3 {[%emt 0:00:00]} d6 {[%emt 0:00:06]} 3. d4 {[%emt 0:00:00]} cxd4 {[%emt 0:00:06]} 4. Nxd4 {[%emt 0:00:04]} Nf6 {[%emt 0:00:03]} 5. Nc3 {[%emt 0:00:11]} a6 {[%emt 0:00:25]} 6. g3 {[%emt 0:00:40]} e6 {[%emt 0:01:23]} 7. Bg2 {[%emt 0:00:14]} Be7 {[%emt 0:00:03]} 8. O-O {[%emt 0:00:17]} Qc7 {[%emt 0:00:04]} 9. h3 {[%emt 0:04:33]} O-O {[%emt 0:00:09]} 10. g4 {[%emt 0:01:07]} Nc6 {[%emt 0:00:08]} 11. Kh1 {[%emt 0:06:15]} Nd7 {[%emt 0:01:24]} 12. f4 {[%emt 0:02:57]} Nxd4 {[%emt 0:03:12]} 13. Qxd4 {[%emt 0:00:26]} b6 {[%emt 0:01:11]} 14. g5 {[%emt 0:05:06]} Re8 {[%emt 0:00:19]} 15. f5 {[%emt 0:02:57]} Bb7 {[%emt 0:05:22]} 16. f6 {[%emt 0:07:26]} Bf8 {[%emt 0:00:39]} 17. Be3 {[%emt 0:01:30]} Rac8 {[%emt 0:00:57]} 18. Rad1 {[%emt 0:02:43]} g6 {[%emt 0:06:00]} 19. h4 {[%emt 0:00:55]} Qc4 {[%emt 0:06:50]} 20. Qd2 {[%emt 0:12:41]} b5 {[%emt 0:00:21]} 21. Qf2 {[%emt 0:17:27]} Qc6 {[%emt 0:22:13]} 22. h5 {[%emt 0:20:20]} Ne5 {[%emt 0:01:55]} 23. Bd4 {[%emt 0:01:45]} gxh5 {[%emt 0:01:29]} 24. Bxe5 {[%emt 0:05:45]} dxe5 {[%emt 0:00:01]} 25. Rd3 {[%emt 0:00:09]} b4 {[%emt 0:00:44]} 26. Qh4 {[%emt 0:03:19]} bxc3 {[%emt 0:00:35]} 27. Qxh5 {[%emt 0:00:09]} Qxe4 {[%emt 0:01:21]} 28. Bxe4 {[%emt 0:00:56]} Bxe4+ {[%emt 0:00:01]} 29. Kh2 {[%emt 0:03:14]} Bxd3 {[%emt 0:02:13]} 30. cxd3 {[%emt 0:00:05]} cxb2 {[%emt 0:00:02]} 31. g6 {[%emt 0:01:23]} hxg6 {[%emt 0:00:09]} 32. Rg1 {[%emt 0:00:18]} Rc7 {[%emt 0:09:51]} 33. Qxe5 {[%emt 0:00:15]} Rc2+ {[%emt 0:00:50]} 34. Kh3 {[%emt 0:00:14]} Rc1 {[%emt 0:01:17]} 35. Rxg6+ {[%emt 0:01:35]} fxg6 {[%emt 0:00:02]} 36. Qxb2 {[%emt 0:00:10]} Rc7 {[%emt 0:00:15]} 37. Kg4 {[%emt 0:00:17]} Rd7 {[%emt 0:01:54]} 38. Qh2 {[%emt 0:00:48]} Red8 {[%emt 0:00:34]} 39. Kg5 {[%emt 0:00:15]} Rh7 {[%emt 0:00:14]} 40. f7+ {[%emt 0:00:59]} Rxf7 {[%emt 0:00:19]} 41. Kxg6 {[%emt 0:00:06]} Rd5 {[%emt 0:02:21]} 42. a4 {[%emt 0:00:56]} Rdf5 {[%emt 0:00:11]} 43. Qh4 {[%emt 0:00:10]} Rg7+ {[%emt 0:00:13]} 0-1

[Event "12th Chennai Open 2020"]
[Site "Chennai"]
[Date "2020.01.19"]
[Round "2.19"]
[White "Taher, Yoseph Theolifus"]
[Black "Barath M"]
[Result "1-0"]
[WhiteElo "2462"]
[BlackElo "2264"]
[Annotator "TA"]
[PlyCount "55"]
[EventDate "2020.01.19"]
[EventType "swiss"]
[EventCountry "IND"]
[SourceTitle "playchess.com"]
[Source "ChessBase"]
[SourceQuality "1"]

{[%evp 9,151,0,29,29,30,17,20,0,0,0,0,16,51,62,54,62,40,43,81,73,81,78,118,45,84,87,92,85,101,82,91,85,71,31,38,35,34,37,44,52,39,27,66,24,68,64,113,110,122,126,126,142,135,139,131,129,122,131,129,137,207,218,293,284,277,290,274,236,214,109,109,109,106,107,102,105,105,84,113,105,110,98,132,134,129,124,120,125,125,123,113,112,225,217,191,191,184,184,202,184,184,184,184,184,183,177,183,179,174,141,171,91,91,0,112,112,139,138,145,143,250,98,102,95,6412,6103,5341,2663,29965,29967,29966,29965,29969,29967,29980,29977,29981,29982,29985,29986,29990,29991,29991,29992]} 1. e4 c5 2. Nc3 a6 3. g3 e6 4. Bg2 Nc6 {[%cal Bb8c6,Bc6e5,Be5c4][%mdl 32]} 5. d3 g6 6. Be3 {B24: Closed Sicilian: 3 g3 sidelines} d6 7. Nge2 Bg7 8. d4 {The position is equal.} cxd4 $1 9. Nxd4 Ne5 $146 ({Predecessor:} 9... Nge7 10. a4 O-O 11. O-O Ne5 12. Qe2 Qc7 {1-0 (26) Bernadskiy,V (2553)-Popescu,F (2181) Albena 2015}) 10. O-O Nc4 11. Bc1 $1 $36 {[%mdl 2048] White is more active.} Ne7 12. b3 Ne5 13. Qd2 N7c6 14. Nxc6 Nxc6 15. Bb2 O-O 16. Rfd1 (16. Rad1 $16) 16... Nd4 17. Na4 {[%cal Bc3a4,Ba4b6,Bb6d5,Bd5b4,Bb4c2,Bc2e3][%mdl 32]} e5 18. c3 ({Reject} 18. Bxd4 $6 exd4 19. Nb2 Bg4 $11) 18... Nb5 19. Qe3 Be6 20. Nb6 Rb8 21. Nd5 Nc7 22. Nb4 a5 23. Nc2 b5 24. Ba3 Ne8 25. Qd3 Rb6 26. Ne3 Kh8 27. Rac1 f5 28. exf5 {Played: Ba3-c5} 1-0

[Event "12th Chennai Open 2020"]
[Site "Chennai"]
[Date "2020.01.19"]
[Round "3.1"]
[White "Ponkratov, Pavel"]
[Black "Pranesh M"]
[Result "1-0"]
[WhiteElo "2622"]
[BlackElo "2317"]
[Annotator "ChessBase"]
[PlyCount "97"]
[EventDate "2020.01.19"]
[EventType "swiss"]
[EventCountry "IND"]
[SourceTitle "playchess.com"]
[Source "ChessBase"]
[SourceQuality "1"]
[TimeControl "5400+30"]

1. e4 {[%emt 0:00:00]} e5 {[%emt 0:00:29]} 2. Nf3 {[%emt 0:00:00]} Nc6 {[%emt 0:00:08]} 3. Bb5 {[%emt 0:00:00]} Nf6 {[%emt 0:00:07]} 4. O-O {[%emt 0:00:00]} Nxe4 {[%emt 0:00:03]} 5. d4 {[%emt 0:00:00]} Nd6 {[%emt 0:00:04]} 6. dxe5 {[%emt 0:00:01]} Nxb5 {[%emt 0:00:04]} 7. a4 {[%emt 0:00:03]} Nbd4 {[%emt 0:00:04]} 8. Nxd4 {[%emt 0:00:04]} Nxd4 {[%emt 0:00:03]} 9. Qxd4 {[%emt 0:00:05]} d5 {[%emt 0:00:04]} 10. c4 {[%emt 0:00:11]} dxc4 {[%emt 0:00:34]} 11. Qxc4 {[%emt 0:00:04]} Be6 {[%emt 0:01:27]} 12. Qb5+ {[%emt 0:05:11]} Qd7 {[%emt 0:01:31]} 13. Nc3 {[%emt 0:00:03]} c6 {[%emt 0:04:32]} 14. Qe2 {[%emt 0:00:07]} Qd4 {[%emt 0:02:18]} 15. a5 {[%emt 0:10:24]} Qg4 {[%emt 0:08:43]} 16. Qe3 {[%emt 0:05:22]} Be7 {[%emt 0:05:07]} 17. f4 {[%emt 0:01:34]} Qg6 {[%emt 0:10:30]} 18. Qf2 {[%emt 0:03:56]} Bf5 {[%emt 0:06:22]} 19. Be3 {[%emt 0:00:43]} O-O {[%emt 0:02:22]} 20. Bxa7 {[%emt 0:02:05]} f6 {[%emt 0:02:31]} 21. Bc5 {[%emt 0:06:42]} Rae8 {[%emt 0:02:38]} 22. Bxe7 {[%emt 0:05:05]} Rxe7 {[%emt 0:00:06]} 23. Qc5 {[%emt 0:00:21]} Rfe8 {[%emt 0:00:19]} 24. Rae1 {[%emt 0:01:05]} h5 {[%emt 0:05:41]} 25. Rf3 {[%emt 0:03:57]} Rd7 {[%emt 0:05:23]} 26. Rg3 {[%emt 0:06:44]} Qh6 {[%emt 0:03:20]} 27. Qc4+ {[%emt 0:02:44]} Be6 {[%emt 0:05:11]} 28. Qf1 {[%emt 0:00:28]} f5 {[%emt 0:03:13]} 29. Rg5 {[%emt 0:02:42]} h4 {[%emt 0:03:30]} 30. h3 {[%emt 0:06:28]} Red8 {[%emt 0:02:21]} 31. Qf2 {[%emt 0:00:18]} Rd2 {[%emt 0:03:33]} 32. Re2 {[%emt 0:06:52]} R2d4 {[%emt 0:01:08]} 33. Qe3 {[%emt 0:06:28]} Kf7 {[%emt 0:01:19]} 34. Kh2 {[%emt 0:01:19]} R8d7 {[%emt 0:01:17]} 35. Rc2 {[%emt 0:03:23]} Rd3 {[%emt 0:02:40]} 36. Qf2 {[%emt 0:00:18]} R3d4 {[%emt 0:02:28]} 37. Ne2 {[%emt 0:00:48]} Ra4 {[%emt 0:02:09]} 38. b4 {[%emt 0:02:07]} Rxb4 {[%emt 0:01:09]} 39. a6 {[%emt 0:00:08]} bxa6 {[%emt 0:00:35]} 40. Rxc6 {[%emt 0:00:33]} Rb2 {[%emt 0:00:55]} 41. Qe3 {[%emt 0:02:16]} Rdd2 {[%emt 0:02:19]} 42. Qa7+ {[%emt 0:00:44]} Rd7 {[%emt 0:00:33]} 43. Qxa6 {[%emt 0:01:25]} Rdd2 {[%emt 0:01:48]} 44. Qa7+ {[%emt 0:01:37]} Rd7 {[%emt 0:00:32]} 45. Rc7 {[%emt 0:02:10]} Rbd2 {[%emt 0:02:00]} 46. Rxd7+ {[%emt 0:00:17]} Rxd7 {[%emt 0:00:16]} 47. Qb6 {[%emt 0:00:55]} g6 {[%emt 0:01:35]} 48. Nd4 {[%emt 0:00:24]} Re7 {[%emt 0:00:01]} 49. Nc6 {[%emt 0:00:33]} 1-0

[Event "12th Chennai Open 2020"]
[Site "Chennai"]
[Date "2020.01.19"]
[Round "3.2"]
[White "Saravanan, V.."]
[Black "Martinez Alcantara, Jose Eduardo"]
[Result "0-1"]
[WhiteElo "2325"]
[BlackElo "2606"]
[Annotator "ChessBase"]
[PlyCount "48"]
[EventDate "2020.01.19"]
[EventType "swiss"]
[EventCountry "IND"]
[SourceTitle "playchess.com"]
[Source "ChessBase"]
[SourceQuality "1"]
[TimeControl "5400+30"]

1. Nf3 {[%emt 0:04:25]} c5 {[%emt 0:00:00]} 2. c4 {[%emt 0:00:10]} Nc6 {[%emt 0:00:00]} 3. d4 {[%emt 0:00:06]} cxd4 {[%emt 0:00:00]} 4. Nxd4 {[%emt 0:00:08]} Nf6 {[%emt 0:00:00]} 5. g3 {[%emt 0:00:11]} Qb6 {[%emt 0:00:00]} 6. Nc2 {[%emt 0:00:30]} h5 {[%emt 0:00:42]} 7. Bg2 {[%emt 0:04:55]} h4 {[%emt 0:00:41]} 8. O-O {[%emt 0:00:08]} hxg3 {[%emt 0:01:48]} 9. hxg3 {[%emt 0:00:05]} Qc5 {[%emt 0:10:35]} 10. e4 {[%emt 0:04:35]} d6 {[%emt 0:03:14]} 11. Be3 {[%emt 0:00:26]} Qxc4 {[%emt 0:19:39]} 12. Nc3 {[%emt 0:02:07]} Bh3 {[%emt 0:04:31]} 13. Bxh3 {[%emt 0:05:25]} Rxh3 {[%emt 0:00:03]} 14. Na3 {[%emt 0:00:09]} Qe6 {[%emt 0:01:29]} 15. Nab5 {[%emt 0:03:17]} Rc8 {[%emt 0:04:33]} 16. Qa4 {[%emt 0:10:24]} Rh5 {[%emt 0:02:53]} 17. Kg2 {[%emt 0:04:22]} a6 {[%emt 0:07:43]} 18. Na7 {[%emt 0:05:19]} Ra5 {[%emt 0:14:14]} 19. Qb3 {[%emt 0:05:46]} Qxb3 {[%emt 0:01:48]} 20. axb3 {[%emt 0:00:07]} Rxa1 {[%emt 0:00:02]} 21. Rxa1 {[%emt 0:00:10]} Nxa7 {[%emt 0:00:05]} 22. Bxa7 {[%emt 0:00:09]} e6 {[%emt 0:06:01]} 23. Bd4 {[%emt 0:01:38]} Nd7 {[%emt 0:00:21]} 24. b4 {[%emt 0:00:15]} Rc4 {[%emt 0:00:44]} 0-1

[Event "12th Chennai Open 2020"]
[Site "Chennai"]
[Date "2020.01.19"]
[Round "3.3"]
[White "Saravana, Krishnan P."]
[Black "Aleksandrov, Aleksej"]
[Result "1-0"]
[WhiteElo "2313"]
[BlackElo "2592"]
[Annotator "ChessBase"]
[PlyCount "103"]
[EventDate "2020.01.19"]
[EventType "swiss"]
[EventCountry "IND"]
[SourceTitle "playchess.com"]
[Source "ChessBase"]
[SourceQuality "1"]
[TimeControl "5400+30"]

1. e4 {[%emt 0:00:00]} e5 {[%emt 0:01:32]} 2. Nf3 {[%emt 0:00:00]} Nc6 {[%emt 0:00:16]} 3. Bb5 {[%emt 0:00:36]} a6 {[%emt 0:00:10]} 4. Ba4 {[%emt 0:00:46]} Nf6 {[%emt 0:00:06]} 5. O-O {[%emt 0:01:09]} Be7 {[%emt 0:00:08]} 6. Re1 {[%emt 0:00:46]} b5 {[%emt 0:00:08]} 7. Bb3 {[%emt 0:00:07]} d6 {[%emt 0:00:11]} 8. c3 {[%emt 0:00:59]} O-O {[%emt 0:00:05]} 9. h3 {[%emt 0:00:48]} Nb8 {[%emt 0:00:17]} 10. d4 {[%emt 0:01:06]} Nbd7 {[%emt 0:00:04]} 11. c4 {[%emt 0:00:07]} c6 {[%emt 0:00:13]} 12. Qc2 {[%emt 0:03:07]} Nh5 {[%emt 0:17:14]} 13. a3 {[%emt 0:04:47]} Bb7 {[%emt 0:12:38]} 14. Nc3 {[%emt 0:02:04]} Rc8 {[%emt 0:16:11]} 15. Be3 {[%emt 0:06:46]} g6 {[%emt 0:00:09]} 16. Bh6 {[%emt 0:09:27]} Ng7 {[%emt 0:00:30]} 17. Rad1 {[%emt 0:00:30]} Qc7 {[%emt 0:00:30]} 18. Qd2 {[%emt 0:00:30]} Nb6 {[%emt 0:00:30]} 19. cxb5 {[%emt 0:00:30]} axb5 {[%emt 0:00:30]} 20. Bg5 {[%emt 0:00:30]} Nc4 {[%emt 0:28:11]} 21. Qe2 {[%emt 0:28:08]} Bxg5 {[%emt 0:00:30]} 22. Nxg5 {[%emt 0:00:30]} exd4 {[%emt 0:08:41]} 23. Rxd4 {[%emt 0:01:29]} Qe7 {[%emt 0:00:30]} 24. Bxc4 {[%emt 0:00:30]} Qxg5 {[%emt 0:00:30]} 25. Ba2 {[%emt 0:00:30]} Rfd8 {[%emt 0:00:30]} 26. Red1 {[%emt 0:00:30]} Ne8 {[%emt 0:00:30]} 27. R4d3 {[%emt 0:00:30]} Kg7 {[%emt 0:00:30]} 28. b4 {[%emt 0:00:30]} f6 {[%emt 0:00:30]} 29. Qb2 {[%emt 0:00:30]} Qe5 {[%emt 0:00:30]} 30. Qb3 {[%emt 0:00:30]} Qe7 {[%emt 0:00:30]} 31. h4 {[%emt 0:00:30]} Nc7 {[%emt 0:00:30]} 32. h5 {[%emt 0:00:30]} c5 {[%emt 0:00:30]} 33. Qb2 {[%emt 0:00:30]} c4 {[%emt 0:00:30]} 34. Re3 {[%emt 0:00:30]} Qe5 {[%emt 0:00:30]} 35. hxg6 {[%emt 0:00:30]} hxg6 {[%emt 0:00:30]} 36. Qd2 {[%emt 0:00:30]} Ne6 {[%emt 0:00:30]} 37. Rg3 {[%emt 0:00:30]} Rd7 {[%emt 0:00:30]} 38. Bb1 {[%emt 0:00:30]} Rh8 {[%emt 0:00:30]} 39. Nd5 {[%emt 0:00:30]} Rh4 {[%emt 0:00:30]} 40. Ne3 {[%emt 0:00:30]} c3 {[%emt 0:00:30]} 41. Nf5+ {[%emt 0:00:30]} Kh7 {[%emt 0:00:30]} 42. Qe3 {[%emt 0:00:30]} gxf5 {[%emt 0:00:30]} 43. exf5 {[%emt 0:36:19]} Qxe3 {[%emt 0:10:45]} 44. fxe6+ {[%emt 0:00:08]} Kh6 {[%emt 0:01:09]} 45. Rxe3 {[%emt 0:01:00]} Rg7 {[%emt 0:00:25]} 46. f3 {[%emt 0:00:27]} Rc4 {[%emt 0:00:04]} 47. e7 {[%emt 0:00:27]} Bc6 {[%emt 0:01:35]} 48. Bc2 {[%emt 0:00:09]} Be8 {[%emt 0:00:20]} 49. Rxd6 {[%emt 0:00:09]} Rc7 {[%emt 0:00:46]} 50. Rxf6+ {[%emt 0:00:08]} Kg5 {[%emt 0:00:04]} 51. Rf8 {[%emt 0:00:46]} Rc8 {[%emt 0:00:04]} 52. Re5+ {[%emt 0:00:11]} 1-0

[Event "12th Chennai Open 2020"]
[Site "Chennai"]
[Date "2020.01.19"]
[Round "3.4"]
[White "Goganov, Aleksey"]
[Black "Srihari L R"]
[Result "1/2-1/2"]
[WhiteElo "2583"]
[BlackElo "2302"]
[Annotator "ChessBase"]
[PlyCount "72"]
[EventDate "2020.01.19"]
[EventType "swiss"]
[EventCountry "IND"]
[SourceTitle "playchess.com"]
[Source "ChessBase"]
[SourceQuality "1"]
[TimeControl "5400+30"]

1. d4 {[%emt 0:01:19]} d6 {[%emt 0:00:00]} 2. Nf3 {[%emt 0:00:39]} g6 {[%emt 0:00:00]} 3. c4 {[%emt 0:00:15]} Bg7 {[%emt 0:00:06]} 4. Nc3 {[%emt 0:00:11]} Bg4 {[%emt 0:01:09]} 5. e3 {[%emt 0:00:21]} c5 {[%emt 0:00:28]} 6. Be2 {[%emt 0:01:47]} cxd4 {[%emt 0:02:45]} 7. exd4 {[%emt 0:03:49]} Nc6 {[%emt 0:00:41]} 8. O-O {[%emt 0:04:18]} Nh6 {[%emt 0:07:47]} 9. d5 {[%emt 0:09:56]} Bxf3 {[%emt 0:00:22]} 10. Bxf3 {[%emt 0:00:05]} Ne5 {[%emt 0:00:22]} 11. Be2 {[%emt 0:03:12]} O-O {[%emt 0:11:15]} 12. f4 {[%emt 0:06:26]} Qb6+ {[%emt 0:04:13]} 13. Kh1 {[%emt 0:00:09]} Nd7 {[%emt 0:00:06]} 14. g4 {[%emt 0:01:11]} f5 {[%emt 0:03:15]} 15. g5 {[%emt 0:00:26]} Nf7 {[%emt 0:05:00]} 16. a4 {[%emt 0:12:52]} Nc5 {[%emt 0:10:19]} 17. a5 {[%emt 0:00:47]} Qc7 {[%emt 0:02:55]} 18. Ra3 {[%emt 0:04:55]} Bxc3 {[%emt 0:03:28]} 19. Rxc3 {[%emt 0:02:49]} Qxa5 {[%emt 0:00:24]} 20. Rh3 {[%emt 0:07:31]} Ne4 {[%emt 0:01:40]} 21. Bd3 {[%emt 0:15:28]} b5 {[%emt 0:12:37]} 22. Bxe4 {[%emt 0:04:58]} fxe4 {[%emt 0:00:11]} 23. Qg4 {[%emt 0:08:53]} Qc7 {[%emt 0:17:02]} 24. b3 {[%emt 0:00:54]} Qc8 {[%emt 0:01:22]} 25. f5 {[%emt 0:03:02]} Ne5 {[%emt 0:01:13]} 26. Qh4 {[%emt 0:00:55]} h5 {[%emt 0:08:27]} 27. gxh6 {[%emt 0:00:05]} Rxf5 {[%emt 0:00:05]} 28. Rg1 {[%emt 0:01:04]} Kh7 {[%emt 0:01:15]} 29. Bb2 {[%emt 0:01:17]} Qf8 {[%emt 0:00:51]} 30. Qxe4 {[%emt 0:00:31]} Rf4 {[%emt 0:04:32]} 31. Qb1 {[%emt 0:00:31]} Qf5 {[%emt 0:00:05]} 32. Qxf5 {[%emt 0:00:57]} Rxf5 {[%emt 0:00:05]} 33. c5 {[%emt 0:00:50]} dxc5 {[%emt 0:00:51]} 34. Re3 {[%emt 0:01:11]} Nf7 {[%emt 0:00:18]} 35. Rxe7 {[%emt 0:00:19]} Rd8 {[%emt 0:01:12]} 36. Rxa7 {[%emt 0:01:05]} Rdxd5 {[%emt 0:00:15]} 1/2-1/2

[Event "12th Chennai Open 2020"]
[Site "Chennai"]
[Date "2020.01.19"]
[Round "3.5"]
[White "Samant Aditya S"]
[Black "Mchedlishvili, Mikheil"]
[Result "0-1"]
[WhiteElo "2296"]
[BlackElo "2578"]
[Annotator "TA"]
[PlyCount "72"]
[EventDate "2020.01.19"]
[EventType "swiss"]
[EventCountry "IND"]
[SourceTitle "playchess.com"]
[Source "ChessBase"]
[SourceQuality "1"]

{[%evp 12,72,60,16,24,0,3,0,20,6,14,26,20,-45,-41,-57,-22,-59,-42,7,-21,-35,-8,-10,0,0,40,-120,-114,-100,-106,-251,-229,-355,-330,-336,-302,-1173,-26,-25,-23,-21,-13,-25,-8,-10,-8,-233,-223,-214,-224,-531,-516,-541,-520,-516,-465,-518,-420,-29980,-29981,-29991,-29992]} 1. e4 d6 2. d4 Nf6 3. Nc3 g6 4. Be3 c6 5. f3 Nbd7 6. Qd2 b5 {[%cal Bb7b5,Bb5b4][%mdl 32]} 7. O-O-O Nb6 {B07: Pirc Defence: Miscellaneous Systems.} 8. Bd3 b4 9. Nce2 a5 {The position is equal.} 10. g4 Qc7 11. h4 h5 12. g5 (12. gxh5 $1 $11 Nxh5 13. Nh3) 12... Nfd7 $15 13. f4 c5 14. Bb5 Bg7 15. f5 {Threatening fxg6.} O-O 16. Nf4 cxd4 17. Bxd4 Bxd4 18. Qxd4 Ne5 19. fxg6 $2 (19. Nge2 $14 {keeps the upper hand.}) 19... Bg4 $17 20. gxf7+ Rxf7 21. Nd5 (21. Rf1 $17) 21... Nxd5 $19 22. Qxd5 (22. g6 $142 Rff8 23. exd5) 22... Rc8 {[%csl Gc8][%cal Rc7c2]} 23. Rd2 {[#]} e6 $1 {[%cal Re6d5]} 24. Qxd6 $2 (24. Qd4 Qb7 25. Be2) 24... Qxd6 $2 (24... Nc4 $19 25. Qd3 Nxd2 26. Qxd2 Rd8) 25. Rxd6 $11 Nc4 $40 {[%mdl 128] Black mounts an attack.} 26. Bxc4 $1 Rxc4 27. Nh3 Rf3 28. Rd8+ Kg7 $1 29. b3 $2 (29. Rd7+ $11 Kg6 30. Rd3) 29... Rc7 $19 ({Weaker is} 29... Rxe4 30. Rd7+ Kg6 31. Rd3 $17) 30. Ra8 Bxh3 ({Don't play} 30... Rxh3 31. Rxh3 Bxh3 32. Rxa5) 31. Rxa5 $2 (31. Rh2) 31... Bg2 32. Rd1 {[#]} Rfc3 $1 33. Re5 {White hopes to continue with Rd2.} Rxc2+ {[%mdl 64] Double Attack} 34. Kb1 Bf3 35. Re1 (35. Rd7+ $19 Rxd7 36. Kxc2) 35... Be2 36. Rxe6 Bd3 {Accuracy: White = 44%, Black = 83%.} 0-1

[Event "12th Chennai Open 2020"]
[Site "Chennai"]
[Date "2020.01.19"]
[Round "3.6"]
[White "Rozum, Ivan"]
[Black "Rohith Krishna S"]
[Result "1/2-1/2"]
[WhiteElo "2573"]
[BlackElo "2289"]
[Annotator "TA"]
[PlyCount "86"]
[EventDate "2020.01.19"]
[EventType "swiss"]
[EventCountry "IND"]
[SourceTitle "playchess.com"]
[Source "ChessBase"]
[SourceQuality "1"]

{[%evp 10,86,21,24,22,-16,32,11,29,27,27,30,55,51,60,25,34,6,23,17,33,24,32,10,9,12,22,21,24,11,29,10,11,2,-2,-11,67,10,10,8,20,-6,27,20,26,5,13,14,25,22,53,0,12,0,0,0,0,0,0,0,10,0,0,0,0,0,0,0,0,0,0,0,0,0,0,0,0,0,0]} 1. c4 Nf6 2. Nc3 e6 3. e4 d5 4. cxd5 exd5 5. e5 Ne4 6. Nf3 ({Reject} 6. Nxe4 dxe4 7. Qa4+ Nc6 $11) 6... Nc6 {A18: English Opening: Flohr-Mikenas System (1 c4 Nf6 2 Nc3 e6 3 e4).} 7. Be2 (7. Bb5 {feels hotter.} Bg4 8. d3 Nxc3 9. bxc3 Be7 10. h3) 7... Be7 (7... d4 {with more complications.} 8. Nxe4 d3 9. Nc3 dxe2 10. Qxe2 Bg4) 8. O-O O-O 9. d4 Nxc3 10. bxc3 f6 11. exf6 Bxf6 12. Ne1 Na5 13. Nd3 Bf5 14. Ne5 c5 15. Be3 Rc8 {[%cal Ba8c8,Bc8c5,Bc5f5][%mdl 32]} 16. Qa4 a6 17. Ng4 Be7 18. dxc5 Bxc5 19. Bxc5 Rxc5 20. Qd4 Qd6 21. Ne3 Nc6 22. Qd2 d4 (22... Be6 $11) 23. Nxf5 (23. Rad1 $14 Rd8 24. Bf3) 23... Rcxf5 $11 24. Rad1 {[%cal Rc3d4]} Rd8 25. c4 Rdf8 26. Bd3 Re5 27. Rfe1 (27. Rb1 {looks sharper.} Re7 28. Qc2 g6 29. c5 Qe5 30. Rb6) 27... Rfe8 28. Rxe5 Qxe5 29. Bf1 g6 30. Qb2 (30. g3 $14) 30... Re7 {The position is equal.} 31. Qa3 Kg7 32. g3 Rf7 33. f4 Qe6 34. Qd3 Re7 35. Kf2 Qf6 36. Re1 Ne5 37. Qd1 g5 38. Kg2 $1 gxf4 {[#] White must now prevent ...Qc6+.} 39. Qxd4 fxg3 40. hxg3 Qf3+ 41. Kh2 Qf6 {( -> ...Nf3+)} 42. Kg2 Qf3+ 43. Kh2 Qf6 {Accuracy: White = 83%, Black = 84%.} 1/2-1/2